Asian Countries - Multiple Choice. - Statistics

General Stats
  • This quiz has been taken 81 times
    37 since last reset
  • The average score is 11 of 12
Answer Stats
Question Answer % Correct
Select the Asian Country. Mongolia
100%
Select the Asian Country. Myanmar
100%
Select the Asian Country. Thailand
100%
Select the Asian Country. Bhutan
86%
Select the Asian Country. Brunei
86%
Select the Asian Country. Cambodia
86%
Select the Asian Country. East Timor
86%
Select the Asian Country. Laos
86%
Select the Asian Country. Maldives
86%
Select the Asian Country. Sri Lanka
86%
Select the Asian Country. Tajikistan
86%
Select the Asian Country. Armenia
71%
No matching quizzes found
Score Distribution
Percent of People with Each Score
Percentile by Number Answered
Your Score History
You have not taken this quiz since the last reset